00241nam a2200109Ia 4500008004100000041001200041082001100053100002200064245002200086260001600108650000700124221030s9999 xx 000 0 und d aEnglish a105.23 aHarmeet Singh/340 0aQUANTUM DOT CELLS aJammuc2004 aEE